000 00394nam a2200157Ia 4500
008 210210b2000 xxu||||| |||| 00| 0 eng d
020 _a81 7167 437 2
082 _a823.8 HART
100 _aHARDY (Thomas) (1840-1928).
245 _aTess of the D'urbervilles
260 _aNew Delhi.
_bRupa & Co.,
_c2000
300 _a448
650 _aTess
690 _aEnglish Fiction
906 _a057372
999 _c104985
_d104985